Profilovanie individualistického a kolektivistického socio-kultúrneho trhového segmentu

Základné vymedzenie individualizmu a kolektivizmu. Vzájomný prienik individualistického a kolektivistického socio-kultúrneho trhového segmentu s inými segmentmi zostavenými na báze Hofstedeho kultúrnych dimenzií. Komplementárny socio-kultúrny profil individualistického a kolektivistického segmentu....

Celý popis

Uložené v:
Podrobná bibliografia
Hlavný autor: Štetka, Peter, 1986-
Médium: Kapitola
Jazyk:Slovak
Predmet:
Tagy: Pridať tag
Žiadne tagy, Buďte prvý, kto otaguje tento záznam!

MARC

LEADER 00000nla a2200000 4500
001 0186680
005 20240522130846.6
041 0 |a slo 
044 |a SK 
245 1 0 |a Profilovanie individualistického a kolektivistického socio-kultúrneho trhového segmentu  |c Peter Štetka 
520 |a Základné vymedzenie individualizmu a kolektivizmu. Vzájomný prienik individualistického a kolektivistického socio-kultúrneho trhového segmentu s inými segmentmi zostavenými na báze Hofstedeho kultúrnych dimenzií. Komplementárny socio-kultúrny profil individualistického a kolektivistického segmentu. Vplyv miery individualizmu na potenciál trhovej realizácie produktového portfólia. 
610 2 0 |a segmentácia trhu 
610 2 0 |a správanie spotrebiteľa 
610 2 0 |a marketing 
610 2 0 |a analýza korelačná 
610 2 0 |a kultúra 
100 1 |a Štetka, Peter, 1986-